Countries Taiwan claims - Statistics

General Stats
  • This quiz has been taken 54 times
  • The average score is 14 of 17
Answer Stats
Country % Correct
China
98%
Japan
94%
Vietnam
94%
Russia
92%
India
90%
Mongolia
90%
Philippines
90%
Malaysia
85%
Myanmar
79%
North Korea
79%
Bhutan
77%
Kazakhstan
75%
Tajikistan
75%
Kyrgyzstan
73%
Brunei
71%
Afghanistan
69%
Pakistan
69%
No matching quizzes found
Score Distribution
Percent of People with Each Score
Percentile by Number Answered
Your Score History
You have not taken this quiz